Crowd-Sourced General Knowledge #4 - Statistics

General Stats
  • This quiz has been taken 48,680 times
  • The average score is 13 of 20
Answer Stats
Question Answer % Correct
What salty sea does the River Jordan flow into? Dead Sea
85%
What is a necrophobe afraid of? Death / Dead things
84%
What is the name of the phenomenon where hostages develop positive feelings for their captors? (Hint: a city) {Stockholm} Syndrome
83%
What unit of measurement is used to measure speed on a boat? Knot
82%
In what mountain range would you find the Matterhorn? The Alps
82%
If B is Bravo, and F is Foxtrot, what is C? Charlie
75%
On which city did the Enola Gay drop "Little Boy"? Hiroshima
73%
What dog breed is half labrador retriever, half poodle? Labradoodle
71%
What is Deoxyribonucleic Acid better know as? DNA
70%
What is either the longest river in Italy or the main character in "Kung-Fu Panda"? Po
70%
What country did Iraq invade in 1990? Kuwait
68%
On what website would you find users named Mr. Beast, Smosh, and PewDiePie? YouTube
67%
In "The Lion King", what type of animal is Timon? Meerkat
64%
What type of ice cream has stripes of vanilla, strawberry, and chocolate? Neapolitan
64%
Who recorded the song "Love Me Tender"? Elvis Presley
58%
If she were real, whose measurements would be an unnatural 39-18-33? Barbie
55%
Whose ear did Mike Tyson bite? Evander Holyfield
46%
Who was famously known as "Coeur de Lion"? King Richard I
46%
What constellation appears on the flags of Australia and New Zealand? Southern Cross
43%
What purple berry from South America has been promoted as a "superfood"? Açaí berry
42%
No matching quizzes found
Score Distribution
Percent of People with Each Score
Percentile by Number Answered
Your Score History
You have not taken this quiz